Countries by Subregion - All Countries - Statistics

General Stats
  • This quiz has been taken 16 times
  • The average score is 51 of 196
Answer Stats
Hint Answer % Correct
Chile South America
57%
Guinea-Bissau Western Africa
57%
Cuba Caribbean
43%
Barbados Caribbean
43%
Saint Lucia Caribbean
43%
Panama Central America
43%
Kyrgyzstan Central Asia
43%
Turkmenistan Central Asia
43%
Kenya Eastern Africa
43%
Tanzania Eastern Africa
43%
Mongolia Eastern Asia
43%
Japan Eastern Asia
43%
Tunisia Northern Africa
43%
Libya Northern Africa
43%
Canada Northern America
43%
Sweden Northern Europe
43%
Finland Northern Europe
43%
Ecuador South America
43%
Peru South America
43%
Thailand Southeastern Asia
43%
Singapore Southeastern Asia
43%
Eswatini Southern Africa
43%
Italy Southern Europe
43%
Niger Western Africa
43%
Benin Western Africa
43%
Ghana Western Africa
43%
Cape Verde Western Africa
43%
Yemen Western Asia
43%
Bahrain Western Asia
43%
Bahamas Caribbean
29%
Jamaica Caribbean
29%
Dominican Republic Caribbean
29%
Haiti Caribbean
29%
Antigua and Barbuda Caribbean
29%
Dominica Caribbean
29%
Grenada Caribbean
29%
Saint Kitts and Nevis Caribbean
29%
Saint Vincent and the Grenadines Caribbean
29%
Trinidad and Tobago Caribbean
29%
Guatemala Central America
29%
Belize Central America
29%
Honduras Central America
29%
El Salvador Central America
29%
Nicaragua Central America
29%
Costa Rica Central America
29%
Kazakhstan Central Asia
29%
Tajikistan Central Asia
29%
Eritrea Eastern Africa
29%
Ethiopia Eastern Africa
29%
Djibuoti Eastern Africa
29%
Somalia Eastern Africa
29%
Uganda Eastern Africa
29%
Rwanda Eastern Africa
29%
Mozambique Eastern Africa
29%
Madagascar Eastern Africa
29%
Comoros Eastern Africa
29%
Seychelles Eastern Africa
29%
Mauritius Eastern Africa
29%
China Eastern Asia
29%
North Korea Eastern Asia
29%
South Korea Eastern Asia
29%
Czech Republic Eastern Europe
29%
Slovakia Eastern Europe
29%
Hungary Eastern Europe
29%
Moldova Eastern Europe
29%
Ukraine Eastern Europe
29%
Belarus Eastern Europe
29%
Russia Eastern Europe
29%
Poland Eastern Europe
29%
Algeria Northern Africa
29%
Egypt Northern Africa
29%
United States Northern America
29%
Iceland Northern Europe
29%
Ireland Northern Europe
29%
Norway Northern Europe
29%
Denmark Northern Europe
29%
Estonia Northern Europe
29%
Latvia Northern Europe
29%
Lithuania Northern Europe
29%
Tuvalu Polynesia
29%
Samoa Polynesia
29%
Suriname South America
29%
Guyana South America
29%
Venezuela South America
29%
Colombia South America
29%
Brazil South America
29%
Bolivia South America
29%
Paraguay South America
29%
Argentina South America
29%
Uruguay South America
29%
Laos Southeastern Asia
29%
Cambodia Southeastern Asia
29%
Vietnam Southeastern Asia
29%
Malaysia Southeastern Asia
29%
Brunei Southeastern Asia
29%
East Timor Southeastern Asia
29%
Philippines Southeastern Asia
29%
Botswana Southern Africa
29%
South Africa Southern Africa
29%
Lesotho Southern Africa
29%
India Southern Asia
29%
Maldives Southern Asia
29%
Sri Lanka Southern Asia
29%
Nepal Southern Asia
29%
Spain Southern Europe
29%
San Marino Southern Europe
29%
Vatican City Southern Europe
29%
Malta Southern Europe
29%
Croatia Southern Europe
29%
Montenegro Southern Europe
29%
Kosovo Southern Europe
29%
Greece Southern Europe
29%
Mauritania Western Africa
29%
Mali Western Africa
29%
Nigeria Western Africa
29%
Burkina Faso Western Africa
29%
Togo Western Africa
29%
Ivory Coast Western Africa
29%
Liberia Western Africa
29%
Sierra Leone Western Africa
29%
Guinea Western Africa
29%
Senegal Western Africa
29%
Gambia Western Africa
29%
Turkey Western Asia
29%
Cyprus Western Asia
29%
Georgia Western Asia
29%
Armenia Western Asia
29%
United Arab Emirates Western Asia
29%
Qatar Western Asia
29%
Saudi Arabia Western Asia
29%
Kuwait Western Asia
29%
Iraq Western Asia
29%
Israel Western Asia
29%
Lebanon Western Asia
29%
Jordan Western Asia
29%
France Western Europe
29%
Monaco Western Europe
29%
Belgium Western Europe
29%
Luxembourg Western Europe
29%
Germany Western Europe
29%
Liechtenstein Western Europe
29%
Switzerland Western Europe
29%
Australia Australia and New Zealand
14%
New Zealand Australia and New Zealand
14%
Mexico Central America
14%
Uzbekistan Central Asia
14%
South Sudan Eastern Africa
14%
Malawi Eastern Africa
14%
Taiwan Eastern Asia
14%
Romania Eastern Europe
14%
Papua New Guinea Melanesia
14%
Vanuatu Melanesia
14%
Fiji Melanesia
14%
Federated States of Micronesia Micronesia
14%
Central African Republic Middle Africa
14%
São Tomé and
Príncipe
Middle Africa
14%
Equatorial Guinea Middle Africa
14%
Gabon Middle Africa
14%
Republic of the Congo Middle Africa
14%
Democratic Republic of the Congo Middle Africa
14%
Angola Middle Africa
14%
Morocco Northern Africa
14%
Sudan Northern Africa
14%
United Kingdom Northern Europe
14%
Myanmar Southeastern Asia
14%
Indonesia Southeastern Asia
14%
Namibia Southern Africa
14%
Afghanistan Southern Asia
14%
Pakistan Southern Asia
14%
Bhutan Southern Asia
14%
Bangladesh Southern Asia
14%
Portugal Southern Europe
14%
Andorra Southern Europe
14%
Slovenia Southern Europe
14%
Bosnia and Herzegovina Southern Europe
14%
Serbia Southern Europe
14%
Albania Southern Europe
14%
North Macedonia Southern Europe
14%
Azerbaijan Western Asia
14%
Oman Western Asia
14%
Syria Western Asia
14%
Netherlands Western Europe
14%
Austria Western Europe
14%
Burundi Eastern Africa
0%
Zambia Eastern Africa
0%
Zimbabwe Eastern Africa
0%
Bulgaria Eastern Europe
0%
Solomon Islands Melanesia
0%
Palau Micronesia
0%
Marshall Islands Micronesia
0%
Nauru Micronesia
0%
Kiribati Micronesia
0%
Chad Middle Africa
0%
Cameroon Middle Africa
0%
Tonga Polynesia
0%
Iran Southern Asia
0%
No matching quizzes found
Score Distribution
Percent of People with Each Score
Percentile by Number Answered
Your Score History
You have not taken this quiz